| 000 | 00477nam a2200181Ia 4500 | ||
|---|---|---|---|
| 008 | 240925s9999 xx 000 0 und d | ||
| 020 | _a133945529 | ||
| 082 | _a621.3815 BOY | ||
| 100 | _aBoylestad, Robert L. | ||
| 245 | 0 | _aElectronic Devices and Circuit Theory | |
| 250 | _a6th | ||
| 260 |
_aNew Delhi: _bPrentice Hall _c,1999. |
||
| 300 |
_avi,255p. _bNA _fPirated |
||
| 500 | _aIncludes Index | ||
| 600 | _aElectronic Engineering | ||
| 650 | _aTechnology | ||
| 942 | _cBK | ||
| 999 |
_c6592 _d6592 |
||